000 00304nam a22001337a 4500
008 170322b xxu||||| |||| 00| 0 eng d
020 _a9781416027317
041 _aeng
080 _a616.8
100 _a7
101 _aSHM
245 _aMAGNETIC RESONANCE IMAGING CLINICS
_cMARTIN, D.R
942 _2udc
_cBK
999 _c8396
_d8396